| 000 | 00388nam a22001577a 4500 | ||
|---|---|---|---|
| 999 |
_c5653 _d5653 |
||
| 003 | OSt | ||
| 005 | 20190108165943.0 | ||
| 008 | 190108b ||||| |||| 00| 0 eng d | ||
| 040 | _cDLC | ||
| 082 |
_a220.6 _bC329r |
||
| 100 | _aCarty, Doran Mc | ||
| 245 | _aRightly Dividing the Word/ | ||
| 260 |
_aNashvile, Tennessee _bBroadman Press _cc1973 |
||
| 300 |
_a126 p.; _c20cm |
||
| 942 |
_2ddc _cBK |
||